[Event "GBR-ch 103th"]
[Site "Bournemouth"]
[Date "2016.08.02"]
[Round "8.12"]
[White "Shaw, Peter"]
[Black "Fodor, Tamas Jr"]
[Result "0-1"]
[WhiteElo "2143"]
[BlackElo "2505"]
[PlyCount "58"]
[EventDate "2016.07.25"]
[EventType "swiss"]
[EventRounds "11"]
[EventCountry "GBR"]

1. d4 d5 2. c4 dxc4 3. Nf3 Nf6 4. e3 e6 5. Bxc4 c5 6. O-O a6 7. Bb3 Nc6 8. Nc3
b5 9. dxc5 Bb7 10. Qe2 Bxc5 11. e4 b4 12. Na4 Nd4 13. Nxd4 Bxd4 14. e5 Nd5 15.
Qe4 Ba7 16. Bd2 a5 17. a3 O-O 18. axb4 Nxb4 19. Qxb7 Qxd2 20. Qf3 Qg5 21. Qg3
Qxg3 22. hxg3 Nd3 23. Rad1 Rfd8 24. Bc2 Nxe5 25. Be4 Rab8 26. Rxd8+ Rxd8 27.
Rc1 Ng4 28. Bf3 Nxf2 29. Nc5 Nd3 0-1

[Event "GBR-ch 103th"]
[Site "Bournemouth"]
[Date "2016.08.02"]
[Round "8.13"]
[White "Wall, Tim P"]
[Black "Pert, Richard G"]
[Result "0-1"]
[WhiteElo "2162"]
[BlackElo "2441"]
[PlyCount "52"]
[EventDate "2016.07.25"]
[EventType "swiss"]
[EventRounds "11"]
[EventCountry "GBR"]

1. d4 d5 2. Bf4 Nf6 3. e3 c5 4. Nf3 Nc6 5. Be2 Bf5 6. O-O e6 7. c4 dxc4 8. Bxc4
cxd4 9. Qb3 a6 10. Nxd4 Nxd4 11. exd4 b5 12. Be2 Bd6 13. Be5 O-O 14. Bf3 Rb8
15. h3 b4 16. Qe3 Bxe5 17. dxe5 Nd7 18. a3 Qa5 19. Re1 Rb5 20. Nd2 Rxe5 21. Qd4
Rxe1+ 22. Rxe1 bxa3 23. Qxd7 axb2 24. Rd1 Bc2 25. Nc4 Bxd1 26. Nxa5 Bc2 0-1

[Event "GBR-ch 103th"]
[Site "Bournemouth"]
[Date "2016.08.02"]
[Round "8.14"]
[White "Bicknell, Carl"]
[Black "Asenov, Pavel"]
[Result "1/2-1/2"]
[WhiteElo "2121"]
[BlackElo "2250"]
[PlyCount "56"]
[EventDate "2016.07.25"]
[EventType "swiss"]
[EventRounds "11"]
[EventCountry "GBR"]

1. e4 c5 2. c3 Nf6 3. e5 Nd5 4. Bc4 Nb6 5. Bb3 c4 6. Bc2 d6 7. exd6 Qxd6 8. Nf3
Nc6 9. Na3 Bg4 10. Qe2 Qe6 11. b3 Qxe2+ 12. Kxe2 cxb3 13. axb3 O-O-O 14. h3 Bh5
15. g4 Bg6 16. Ng5 Rd5 17. Bxg6 fxg6 18. d3 h6 19. Ne4 e6 20. Be3 Bxa3 21. Rxa3
Kb8 22. Bxb6 axb6 23. Rha1 Rhd8 24. Ra8+ Kc7 25. Rxd8 Rxd8 26. f4 Ne7 27. Rf1
Rf8 28. c4 Ra8 1/2-1/2

[Event "GBR-ch 103th"]
[Site "Bournemouth"]
[Date "2016.08.02"]
[Round "8.15"]
[White "Lyell, Mark"]
[Black "Bridge, Neil A"]
[Result "0-1"]
[WhiteElo "2238"]
[BlackElo "2044"]
[PlyCount "72"]
[EventDate "2016.07.25"]
[EventType "swiss"]
[EventRounds "11"]
[EventCountry "GBR"]

1. e4 c5 2. c3 Nf6 3. e5 Nd5 4. Nf3 e6 5. d4 cxd4 6. cxd4 d6 7. Bc4 Nc6 8. O-O
Be7 9. Re1 O-O 10. a3 dxe5 11. dxe5 b6 12. Qe2 Na5 13. Ba2 Bb7 14. b4 Nc6 15.
Bb2 Rc8 16. g3 Kh8 17. Nbd2 Qd7 18. Ne4 h6 19. Rad1 Rfd8 20. Bb1 Qe8 21. Nd6
Bxd6 22. Qe4 Qg8 23. exd6 Rxd6 24. Ne5 f5 25. Qh4 Kh7 26. f4 Nxe5 27. Bxe5 Rdd8
28. g4 Qf7 29. Rd3 Ne7 30. gxf5 Rxd3 31. Bxd3 Nxf5 32. Qg3 Rd8 33. Bxf5+ exf5
34. Rc1 Rd7 35. h4 Qd5 36. Kh2 Qd2+ 0-1

[Event "GBR-ch 103th"]
[Site "Bournemouth"]
[Date "2016.08.02"]
[Round "8.16"]
[White "Starley, Robert"]
[Black "Willmoth, Robert F"]
[Result "0-1"]
[WhiteElo "2001"]
[BlackElo "2189"]
[PlyCount "80"]
[EventDate "2016.07.25"]
[EventType "swiss"]
[EventRounds "11"]
[EventCountry "GBR"]

1. e4 d6 2. d4 Nf6 3. Nc3 c6 4. f4 Qa5 5. Bd2 e5 6. Nf3 exd4 7. Nxd4 Qb6 8. Nf3
Be7 9. Bd3 d5 10. exd5 cxd5 11. Qe2 Nc6 12. O-O-O O-O 13. h3 Re8 14. g4 Ba3 15.
Na4 Bxb2+ 16. Kb1 Qc7 17. Qg2 Ba3 18. Qg3 Bd7 19. Ne1 Bb4 20. c3 Bd6 21. Nb2
Ne4 22. Qf3 a6 23. Nc2 Na7 24. Ka1 Nb5 25. c4 Nxd2 26. Rxd2 dxc4 27. Nxc4 Bc6
28. Qf1 Bxh1 29. Qxh1 Bxf4 30. Rf2 Be5+ 31. Kb1 Nc3+ 32. Kc1 Nxa2+ 33. Kb1 Nc3+
34. Kc1 b5 35. Nxe5 Qxe5 36. Qf3 f6 37. h4 Rad8 38. h5 Na4 39. Rd2 Qb2+ 40. Kd1
Qb1# 0-1

[Event "GBR-ch 103th"]
[Site "Bournemouth"]
[Date "2016.08.02"]
[Round "8.17"]
[White "Oyama, Akito"]
[Black "Gill, Oliver"]
[Result "1-0"]
[WhiteElo "2183"]
[BlackElo "2102"]
[PlyCount "129"]
[EventDate "2016.07.25"]
[EventType "swiss"]
[EventRounds "11"]
[EventCountry "GBR"]

1. e4 e5 2. Nf3 Nf6 3. Nxe5 d6 4. Nf3 Nxe4 5. d4 d5 6. Bd3 Bd6 7. O-O O-O 8. c4
c6 9. Nc3 Nxc3 10. bxc3 Bg4 11. c5 Bc7 12. Re1 Nd7 13. Bg5 f6 14. Bh4 Re8 15.
Qb1 Bxf3 16. Bxh7+ Kh8 17. Rxe8+ Qxe8 18. Bg6 Be4 19. Bxe8 Bxb1 20. Bxd7 Bg6
21. Re1 Ba5 22. Re3 Rd8 23. Bg4 Re8 24. h3 f5 25. Rxe8+ Bxe8 26. Bxf5 Bxc3 27.
f4 Bxd4+ 28. Bf2 Bxf2+ 29. Kxf2 g6 30. Be6 Kg7 31. Ke3 Kf6 32. Bc8 b6 33. Kd4
Ke7 34. Bg4 Bd7 35. Bd1 Kf6 36. h4 Kf5 37. g3 Be8 38. Bf3 Bf7 39. a3 Be8 40.
Bd1 Bf7 41. a4 Be8 42. Bf3 Bf7 43. Be2 Be8 44. Bd1 Bf7 45. Bc2+ Kf6 46. g4 Be6
47. g5+ Kf7 48. Ke5 bxc5 49. Bxg6+ Kxg6 50. Kxe6 c4 51. f5+ Kh5 52. g6 c3 53.
g7 c2 54. g8=Q c1=Q 55. Qg6+ Kxh4 56. f6 Qe3+ 57. Kd7 Qh3+ 58. Kd8 Qe6 59. Qh7+
Kg5 60. f7 Qd6+ 61. Ke8 Qb8+ 62. Ke7 Qc7+ 63. Kf8 Kf6 64. Qh6+ Kf5 65. Kg8 1-0

[Event "GBR-ch 103th"]
[Site "Bournemouth"]
[Date "2016.08.02"]
[Round "8.18"]
[White "Payne, Matthew J"]
[Black "Harvey, Marcus R"]
[Result "1/2-1/2"]
[WhiteElo "2040"]
[BlackElo "2324"]
[PlyCount "65"]
[EventDate "2016.07.25"]
[EventType "swiss"]
[EventRounds "11"]
[EventCountry "GBR"]

1. e4 e6 2. d4 d5 3. Nc3 Nf6 4. Bg5 dxe4 5. Nxe4 Be7 6. Bxf6 gxf6 7. Nf3 f5 8.
Nc3 a6 9. g3 b5 10. Bg2 Bb7 11. O-O c5 12. Re1 O-O 13. Qd2 cxd4 14. Rad1 Bf6
15. Nxd4 Bxg2 16. Kxg2 b4 17. Na4 Qa5 18. b3 Ra7 19. Qe3 Rc7 20. Nb2 Rc3 21.
Rd3 Qxa2 22. Nc4 Rxd3 23. cxd3 Bg7 24. Nxe6 Re8 25. Qg5 fxe6 26. Nd6 Rf8 27.
Rxe6 Qb2 28. Nxf5 Kh8 29. Re7 Bd4 30. Rxh7+ Kxh7 31. Qh6+ Kg8 32. Qg6+ Kh8 33.
Qh6+ 1/2-1/2

[Event "GBR-ch 103th"]
[Site "Bournemouth"]
[Date "2016.08.02"]
[Round "8.19"]
[White "Duncan, Chris R"]
[Black "Hackner, Oskar A"]
[Result "1-0"]
[WhiteElo "2292"]
[BlackElo "2156"]
[PlyCount "41"]
[EventDate "2016.07.25"]
[EventType "swiss"]
[EventRounds "11"]
[EventCountry "GBR"]

1. c4 Nf6 2. Nf3 e6 3. Nc3 c5 4. g3 b6 5. Bg2 Bb7 6. O-O Be7 7. Re1 d5 8. cxd5
Nxd5 9. e4 Nb4 10. d4 cxd4 11. Nxd4 N8c6 12. Nxc6 Bxc6 13. Qe2 Qd3 14. Qg4 Qd4
15. Rd1 Qe5 16. Bf4 Qf6 17. a3 e5 18. axb4 h5 19. Qh3 exf4 20. b5 g5 21. e5 1-0

[Event "GBR-ch 103th"]
[Site "Bournemouth"]
[Date "2016.08.02"]
[Round "8.20"]
[White "Coleman, David J"]
[Black "Hill, Alistair"]
[Result "1/2-1/2"]
[WhiteElo "2181"]
[BlackElo "2257"]
[PlyCount "98"]
[EventDate "2016.07.25"]
[EventType "swiss"]
[EventRounds "11"]
[EventCountry "GBR"]

1. e4 e5 2. Nf3 Nc6 3. d4 exd4 4. Bc4 Nf6 5. e5 d5 6. Bb5 Ne4 7. Nxd4 Bd7 8.
Bxc6 bxc6 9. O-O Be7 10. f3 Nc5 11. f4 O-O 12. f5 Ne4 13. Nc3 Bc5 14. Nxe4 dxe4
15. Kh1 Re8 16. b4 Bxb4 17. Bb2 Rxe5 18. Nxc6 Bxc6 19. Bxe5 Bd2 20. Bxc7 Qd5
21. c4 Qd3 22. Qb3 Qe2 23. Qd1 Qxd1 24. Rfxd1 e3 25. Bf4 Re8 26. Kg1 Bc3 27.
Rac1 e2 28. Re1 Bxe1 29. Rxe1 Ba4 30. Kf2 Bd1 31. c5 f6 32. Kf3 Kf7 33. Bd6 Rc8
34. Ke4 Ke8 35. Kd5 Kd7 36. g4 g6 37. fxg6 hxg6 38. h4 Re8 39. c6+ Kc8 40. Bf4
Bc2 41. Bg3 Bd1 42. Bf4 a5 43. Kd4 f5 44. gxf5 gxf5 45. Be5 Rg8 46. h5 Rg4+ 47.
Kd5 Rh4 48. Rg1 Rg4 49. Re1 Rh4 1/2-1/2

[Event "GBR-ch 103th"]
[Site "Bournemouth"]
[Date "2016.08.02"]
[Round "8.21"]
[White "Rudd, Jack"]
[Black "Zhu, Richard"]
[Result "1/2-1/2"]
[WhiteElo "2213"]
[BlackElo "1905"]
[PlyCount "130"]
[EventDate "2016.07.25"]
[EventType "swiss"]
[EventRounds "11"]
[EventCountry "GBR"]

1. e4 c5 2. Nf3 Nc6 3. d4 cxd4 4. Nxd4 Nf6 5. Nc3 e5 6. Ndb5 d6 7. Bg5 a6 8.
Na3 b5 9. Nd5 Be7 10. Bxf6 Bxf6 11. c3 O-O 12. Nc2 Rb8 13. Nce3 Bg5 14. Be2
Bxe3 15. Nxe3 Be6 16. O-O Ne7 17. Bf3 Kh8 18. Qd2 f5 19. exf5 Nxf5 20. Rfd1 Rb6
21. Nd5 Bxd5 22. Bxd5 Qf6 23. g3 Ne7 24. Bg2 d5 25. a4 bxa4 26. Rxa4 h6 27. b4
Rc6 28. Ra3 e4 29. Qd4 Qxd4 30. Rxd4 Rfc8 31. Bf1 Rxc3 32. Rxa6 Nc6 33. Rxc6
R8xc6 34. Rxd5 Rb3 35. b5 Rc1 36. Kg2 Rb2 37. Re5 Rcc2 38. Re8+ Kh7 39. Rxe4
Rxf2+ 40. Kg1 Rfd2 41. Rf4 Rd1 42. Rf5 Kg6 43. g4 Kh7 44. h3 g6 45. Rf7+ Kg8
46. Rf3 Rxb5 47. Kg2 Rc5 48. Bd3 Kg7 49. Kf2 Re5 50. Bc4 Re7 51. Bd3 Rf7 52.
Rxf7+ Kxf7 53. Be2 Rh1 54. Bf1 Kf6 55. Kg2 Rxf1 56. Kxf1 Ke5 57. Kg2 Ke4 58.
Kg3 Ke3 59. Kg2 Ke2 60. Kg3 Kf1 61. Kf3 g5 62. Kg3 Kg1 63. h4 Kh1 64. hxg5 hxg5
65. Kh3 Kg1 1/2-1/2

[Event "GBR-ch 103th"]
[Site "Bournemouth"]
[Date "2016.08.02"]
[Round "8.22"]
[White "Zhang, Anthony Y"]
[Black "Nelson, Jonathan P"]
[Result "1-0"]
[WhiteElo "2149"]
[BlackElo "2207"]
[PlyCount "37"]
[EventDate "2016.07.25"]
[EventType "swiss"]
[EventRounds "11"]
[EventCountry "GBR"]

1. d4 Nf6 2. c4 c5 3. d5 b5 4. Qc2 g6 5. e4 Bg7 6. cxb5 O-O 7. Nd2 a6 8. Qxc5
d6 9. Qc2 axb5 10. Bxb5 Na6 11. a4 e6 12. dxe6 d5 13. Ngf3 dxe4 14. Nxe4 Bb7
15. Neg5 h6 16. Nxf7 Qe7 17. O-O Be4 18. Qe2 g5 19. Bxa6 1-0

[Event "GBR-ch 103th"]
[Site "Bournemouth"]
[Date "2016.08.02"]
[Round "8.23"]
[White "Kalavannan, Koby"]
[Black "Brooks, Phil J"]
[Result "1/2-1/2"]
[WhiteElo "2131"]
[BlackElo "2190"]
[PlyCount "39"]
[EventDate "2016.07.25"]
[EventType "swiss"]
[EventRounds "11"]
[EventCountry "GBR"]

1. d4 e6 2. c4 Bb4+ 3. Nd2 c5 4. Ngf3 Nf6 5. a3 Bxd2+ 6. Qxd2 cxd4 7. Nxd4 d5
8. cxd5 Qxd5 9. Nf3 Nc6 10. Qxd5 Nxd5 11. e4 Nde7 12. Be3 O-O 13. Rc1 Bd7 14.
b4 Rfc8 15. Bd3 Be8 16. O-O a6 17. Bb6 Ng6 18. Rfd1 Nce5 19. Nxe5 Nxe5 20. Bf1
1/2-1/2

[Event "GBR-ch 103th"]
[Site "Bournemouth"]
[Date "2016.08.02"]
[Round "8.24"]
[White "Moreby, James E"]
[Black "Jones, Steven A"]
[Result "1-0"]
[WhiteElo "2040"]
[BlackElo "2186"]
[PlyCount "101"]
[EventDate "2016.07.25"]
[EventType "swiss"]
[EventRounds "11"]
[EventCountry "GBR"]

1. d4 Nf6 2. c4 e6 3. Nc3 Bb4 4. Bd2 d5 5. e3 O-O 6. Nf3 c6 7. Bd3 Nbd7 8. O-O
Qc7 9. a3 Bd6 10. cxd5 exd5 11. Rc1 a6 12. Qc2 Re8 13. h3 Nf8 14. Nh4 g6 15.
Rfe1 Qd8 16. Nf3 Ne4 17. Nxe4 dxe4 18. Bxe4 Ne6 19. Bd3 Ng5 20. Nxg5 Qxg5 21.
e4 Bf4 22. Bxf4 Qxf4 23. Bc4 Be6 24. Bxe6 Rxe6 25. Re3 Rd8 26. Rd1 Rde8 27.
Rde1 R6e7 28. Qd3 Rd8 29. Qc4 Qd6 30. Rd1 Qf4 31. Qe2 Rde8 32. f3 Rd8 33. Red3
Red7 34. Qd2 Qg3 35. Qf2 Qf4 36. d5 cxd5 37. Rxd5 Rxd5 38. Rxd5 Rxd5 39. exd5
Qc1+ 40. Kh2 Kf8 41. Qd4 g5 42. d6 Qf4+ 43. Qxf4 gxf4 44. g3 Ke8 45. gxf4 Kd7
46. Kg3 Kxd6 47. Kg4 Kd5 48. Kf5 Kd4 49. Kf6 Ke3 50. f5 Kf4 51. h4 1-0

[Event "GBR-ch 103th"]
[Site "Bournemouth"]
[Date "2016.08.02"]
[Round "8.25"]
[White "Graham, David B"]
[Black "Longson, Sarah N"]
[Result "1-0"]
[WhiteElo "2152"]
[BlackElo "2117"]
[PlyCount "105"]
[EventDate "2016.07.25"]
[EventType "swiss"]
[EventRounds "11"]
[EventCountry "GBR"]

1. e4 e5 2. Nf3 Nc6 3. Bc4 Nf6 4. d4 exd4 5. e5 d5 6. Bb5 Ne4 7. Nxd4 Bc5 8.
Be3 O-O 9. Bxc6 bxc6 10. O-O Qe8 11. Nc3 Ba6 12. Re1 Bxd4 13. Qxd4 Nxc3 14.
bxc3 Bc4 15. a4 a6 16. Rab1 Rb8 17. Rxb8 Qxb8 18. Qg4 Qc8 19. Qxc8 Rxc8 20. Rb1
Kf8 21. f4 Ke7 22. Kf2 f6 23. Bd4 fxe5 24. Bxe5 g6 25. Ke3 c5 26. g4 Kd7 27. f5
Re8 28. Kf4 g5+ 29. Kxg5 Rxe5 30. Kh6 Re7 31. g5 Re4 32. Kxh7 Rh4+ 33. Kg7 d4
34. f6 Re4 35. g6 Re8 36. f7 Re7 37. cxd4 cxd4 38. Rb4 Bxf7 39. gxf7 Ke6 40.
Rxd4 Rxf7+ 41. Kg6 Rf2 42. h4 Rxc2 43. Re4+ Kd5 44. Rg4 c5 45. h5 c4 46. Rg5+
Kd4 47. h6 Rb2 48. h7 Rb8 49. Kh6 c3 50. Rg8 Rb6+ 51. Kh5 Rb2 52. h8=Q+ Kd3 53.
Rg3+ 1-0

[Event "GBR-ch 103th"]
[Site "Bournemouth"]
[Date "2016.08.02"]
[Round "8.26"]
[White "Pleasants, Allan J"]
[Black "Kalaiyalahan, Akshaya"]
[Result "1/2-1/2"]
[WhiteElo "2038"]
[BlackElo "2288"]
[PlyCount "33"]
[EventDate "2016.07.25"]
[EventType "swiss"]
[EventRounds "11"]
[EventCountry "GBR"]

1. e4 c5 2. Nf3 e6 3. c3 Nf6 4. e5 Nd5 5. d4 cxd4 6. cxd4 d6 7. Nc3 Nxc3 8.
bxc3 dxe5 9. Nxe5 Nd7 10. Bb5 Bd6 11. f4 O-O 12. Bd3 Qc7 13. Bb2 Rd8 14. Bxh7+
Kxh7 15. Qh5+ Kg8 16. Qxf7+ Kh8 17. Qh5+ 1/2-1/2

[Event "GBR-ch 103th"]
[Site "Bournemouth"]
[Date "2016.08.02"]
[Round "8.27"]
[White "Mason, Donald J"]
[Black "Shepherd, Katherine M"]
[Result "1-0"]
[WhiteElo "2143"]
[BlackElo "1932"]
[PlyCount "97"]
[EventDate "2016.07.25"]
[EventType "swiss"]
[EventRounds "11"]
[EventCountry "GBR"]

1. c4 c6 2. e4 d5 3. cxd5 cxd5 4. exd5 Nf6 5. Qa4+ Nbd7 6. Nc3 g6 7. Bc4 Bg7 8.
d3 O-O 9. Nf3 Nc5 10. Qa3 Nfd7 11. O-O b6 12. Re1 Re8 13. Bf4 a6 14. d4 Nb7 15.
d6 e6 16. Bg5 Bf6 17. h4 Bxg5 18. hxg5 Kg7 19. Ne4 Rh8 20. Ne5 h6 21. Qf3 Nxe5
22. dxe5 hxg5 23. Nf6 Ra7 24. d7 Bxd7 25. Nxd7 Qxd7 26. Qf6+ Kh7 27. Qxg5 Rd8
28. Re3 Rh8 29. Rh3+ Kg8 30. Rxh8+ Kxh8 31. Be2 Nc5 32. Rd1 Qe7 33. Rd8+ Kg7
34. Qxe7 Rxe7 35. b4 Rd7 36. Rxd7 Nxd7 37. f4 b5 38. Kf2 f6 39. exf6+ Kxf6 40.
Ke3 e5 41. g3 Nb6 42. Ke4 exf4 43. gxf4 Ke6 44. Bd1 Kd6 45. Bb3 Nd7 46. Bf7 Nf8
47. Be8 Ke6 48. Bxg6 Nd7 49. Bf5+ 1-0

[Event "GBR-ch 103th"]
[Site "Bournemouth"]
[Date "2016.08.02"]
[Round "8.28"]
[White "Klingher, Dominic"]
[Black "Menadue, Jeremy FS"]
[Result "0-1"]
[WhiteElo "2117"]
[BlackElo "2034"]
[PlyCount "110"]
[EventDate "2016.07.25"]
[EventType "swiss"]
[EventRounds "11"]
[EventCountry "GBR"]

1. Nf3 Nf6 2. g3 d5 3. Bg2 c6 4. d3 Bf5 5. O-O e6 6. Nbd2 h6 7. c3 Nbd7 8. Re1
Be7 9. a3 O-O 10. b4 a5 11. Bb2 axb4 12. cxb4 Bh7 13. Nb3 Re8 14. Qd2 Bf8 15.
Rec1 e5 16. Nc5 Nxc5 17. bxc5 d4 18. Rc4 Nd7 19. Rac1 Qa5 20. Qb4 Ra7 21. Nd2
Bf5 22. R4c2 Be6 23. Ne4 Rea8 24. e3 dxe3 25. fxe3 Qc7 26. d4 Bd5 27. Nd6 Bxg2
28. Rxg2 Ra4 29. Qb3 Bxd6 30. cxd6 Qxd6 31. Rf2 Qe6 32. Qxb7 R4a6 33. Rfc2 exd4
34. exd4 c5 35. dxc5 Rb8 36. Qxa6 Qxa6 37. c6 Nf6 38. Bxf6 gxf6 39. c7 Rc8 40.
Rc3 Kg7 41. Kg2 h5 42. R1c2 Qb7+ 43. Kf2 Qe4 44. Kg1 f5 45. Rc4 Qe3+ 46. Kg2
Qxa3 47. h4 Qd3 48. Kf2 Kg6 49. R2c3 Qd2+ 50. Kf3 Re8 51. Rc2 Re3+ 52. Kf4 Re4+
53. Kf3 Qd1+ 54. Kf2 Qe1+ 55. Kg2 Re2+ 0-1

[Event "GBR-ch 103th"]
[Site "Bournemouth"]
[Date "2016.08.02"]
[Round "8.29"]
[White "Simons, Martin J"]
[Black "Fallowfield, Jeremy R"]
[Result "0-1"]
[WhiteElo "2015"]
[BlackElo "2109"]
[PlyCount "94"]
[EventDate "2016.07.25"]
[EventType "swiss"]
[EventRounds "11"]
[EventCountry "GBR"]

1. e4 c5 2. Nc3 Nc6 3. g3 g6 4. Bg2 Bg7 5. f4 d6 6. Nf3 e6 7. O-O Nge7 8. d3
O-O 9. Be3 b6 10. d4 Ba6 11. Re1 cxd4 12. Nxd4 Nxd4 13. Bxd4 e5 14. Be3 Rc8 15.
Qd2 Qc7 16. Bh3 f5 17. Nd5 Nxd5 18. Qxd5+ Kh8 19. exf5 Bb7 20. Qd2 Qc6 21. Bg2
Qxg2+ 22. Qxg2 Bxg2 23. Kxg2 Rxc2+ 24. Kh3 gxf5 25. Rab1 e4 26. Red1 Rf6 27.
Rd2 Rxd2 28. Bxd2 Rf8 29. Bc3 d5 30. Rd1 Rd8 31. Bd4 Bxd4 32. Rxd4 Kg7 33. Kg2
Kf6 34. Kf2 Ke6 35. Ke3 Rc8 36. Rd2 Rc4 37. h3 h5 38. a3 a5 39. g4 hxg4 40.
hxg4 fxg4 41. Rh2 g3 42. Rg2 Kf5 43. Rxg3 d4+ 44. Kd2 Kxf4 45. Rg6 d3 46. Rf6+
Ke5 47. Rxb6 Rc2+ 0-1

[Event "GBR-ch 103th"]
[Site "Bournemouth"]
[Date "2016.08.02"]
[Round "8.30"]
[White "Ralphs, Nigel"]
[Black "Hewson, Brian Wr"]
[Result "1/2-1/2"]
[WhiteElo "2000"]
[BlackElo "2082"]
[PlyCount "45"]
[EventDate "2016.07.25"]
[EventType "swiss"]
[EventRounds "11"]
[EventCountry "GBR"]

1. e4 c6 2. d4 d5 3. e5 c5 4. Nf3 Bg4 5. Bb5+ Nc6 6. dxc5 Qa5+ 7. Nc3 e6 8.
Bxc6+ bxc6 9. Qd4 Bxf3 10. b4 Bxc5 11. Qxc5 Qxc5 12. bxc5 Bh5 13. Ne2 Bxe2 14.
Kxe2 Rb8 15. Be3 Kd7 16. Rhb1 Ne7 17. Rb3 Kc7 18. Bd4 h5 19. Rab1 Rxb3 20. axb3
Rb8 21. Ra1 Kb7 22. b4 a6 23. Kd3 1/2-1/2

[Event "GBR-ch 103th"]
[Site "Bournemouth"]
[Date "2016.08.02"]
[Round "8.31"]
[White "Mitra, Roman C"]
[Black "Lentzos, Ioannis"]
[Result "0-1"]
[WhiteElo "2073"]
[BlackElo "2016"]
[PlyCount "106"]
[EventDate "2016.07.25"]
[EventType "swiss"]
[EventRounds "11"]
[EventCountry "GBR"]

1. e4 c5 2. Nf3 e6 3. d3 d5 4. Qe2 Nf6 5. g3 Nc6 6. Bg2 Be7 7. O-O b6 8. e5 Nd7
9. c4 d4 10. Ne1 Bb7 11. f4 Qc7 12. Nd2 g5 13. Qh5 gxf4 14. gxf4 Rg8 15. Qxh7
Rg6 16. Qh8+ Bf8 17. Ne4 O-O-O 18. Qh5 Be7 19. Rf3 Rdg8 20. Rg3 b5 21. cxb5 Qa5
22. Qe2 Qxb5 23. a4 Qb6 24. Nf3 Na5 25. Nfd2 Qb4 26. Nb1 Nb6 27. Rxg6 Rxg6 28.
Kf1 Nxa4 29. Qc2 Nb3 30. Bd2 Qb5 31. Ra3 Nxd2+ 32. Nbxd2 Nb6 33. Rxa7 Nd5 34.
Nc4 Qxc4 35. Qxc4 Ne3+ 36. Kf2 Nxc4 37. Rxb7 Rxg2+ 38. Kxg2 Ne3+ 39. Kf3 Kxb7
40. h4 Bxh4 41. Nxc5+ Kc6 42. b4 Be7 43. Nb3 Nf5 44. Ke4 Bxb4 45. Nxd4+ Nxd4
46. Kxd4 Ba3 47. Ke4 Bc5 48. f5 Bb6 49. d4 Bd8 50. f6 Bb6 51. d5+ exd5+ 52. Kf5
Bc5 53. Kf4 Kd7 0-1

[Event "GBR-ch 103th"]
[Site "Bournemouth"]
[Date "2016.08.02"]
[Round "8.32"]
[White "Miller, Dominic"]
[Black "Hand, Freddie"]
[Result "0-1"]
[WhiteElo "1783"]
[BlackElo "2062"]
[PlyCount "38"]
[EventDate "2016.07.25"]
[EventType "swiss"]
[EventRounds "11"]
[EventCountry "GBR"]

1. e4 e5 2. Nf3 Nf6 3. Nxe5 d6 4. Nf3 Nxe4 5. Nc3 Nxc3 6. dxc3 Be7 7. Be3 O-O
8. Qd2 Nd7 9. O-O-O Ne5 10. Kb1 c6 11. Nxe5 dxe5 12. Bd3 Be6 13. Qe2 Qa5 14. a3
b5 15. h4 Bxa3 16. bxa3 Qxa3 17. Bg5 e4 18. Bxe4 Ba2+ 19. Ka1 Bc4+ 0-1

[Event "GBR-ch 103th"]
[Site "Bournemouth"]
[Date "2016.08.02"]
[Round "8.33"]
[White "Birkett, Richard"]
[Black "Elwin, Adrian G"]
[Result "1/2-1/2"]
[WhiteElo "2053"]
[BlackElo "1992"]
[PlyCount "124"]
[EventDate "2016.07.25"]
[EventType "swiss"]
[EventRounds "11"]
[EventCountry "GBR"]

1. f4 d5 2. Nf3 g6 3. e3 Bg7 4. Be2 c5 5. d3 Nc6 6. O-O Nf6 7. Qe1 Bf5 8. Qg3
Qc7 9. Ne5 Nd7 10. Nxc6 bxc6 11. Nc3 d4 12. Nd1 Nf6 13. e4 Bd7 14. b3 O-O-O 15.
Nb2 h5 16. Bf3 Ng4 17. Bxg4 hxg4 18. Na4 c4 19. Nc5 c3 20. Nxd7 Qxd7 21. f5
gxf5 22. Rxf5 Rdg8 23. Ba3 e6 24. Ra5 Bf8 25. Bxf8 Rxf8 26. Rf1 f5 27. exf5
exf5 28. Qe5 Re8 29. Qxf5 Qxf5 30. Raxf5 Re2 31. Rc1 g3 32. hxg3 Rd2 33. g4 Rh4
34. Rf2 Rxf2 35. Kxf2 Rxg4 36. Kf3 Rg5 37. g4 Re5 38. Rf1 Kd7 39. Rf2 Re3+ 40.
Kg2 Re1 41. Kg3 Ke6 42. g5 Rd1 43. g6 Rg1+ 44. Rg2 Rf1 45. Kh2 Rf8 46. g7 Rg8
47. Kh3 Kf6 48. Kh4 c5 49. Kh5 Rxg7 50. Rxg7 Kxg7 51. Kg5 Kh7 52. a4 a5 53. Kf5
Kh6 54. Ke5 Kg5 55. Kd5 Kf4 56. Kxc5 Ke3 57. b4 Kd2 58. bxa5 Kxc2 59. a6 Kxd3
60. a7 c2 61. a8=Q c1=Q+ 62. Kb6 Qb2+ 1/2-1/2

[Event "GBR-ch 103th"]
[Site "Bournemouth"]
[Date "2016.08.02"]
[Round "8.34"]
[White "Walker, Samuel A"]
[Black "Smith, Andrew P"]
[Result "1/2-1/2"]
[WhiteElo "2022"]
[BlackElo "2145"]
[PlyCount "150"]
[EventDate "2016.07.25"]
[EventType "swiss"]
[EventRounds "11"]
[EventCountry "GBR"]

1. g3 e5 2. c4 h5 3. h4 Nf6 4. Bg2 Nc6 5. Nc3 Bb4 6. d3 Bxc3+ 7. bxc3 Ng4 8.
Bg5 f6 9. Bd2 b6 10. Rb1 Qe7 11. f3 Nh6 12. e4 Nf7 13. Ne2 Bb7 14. Be3 Na5 15.
c5 Nd8 16. Qa4 Bc6 17. Qb4 Nab7 18. d4 bxc5 19. Qa3 cxd4 20. Qxe7+ Kxe7 21.
cxd4 Nd6 22. d5 Bb5 23. Kf2 N8b7 24. Rhc1 Rhc8 25. Rc3 c6 26. Bf1 cxd5 27. exd5
a6 28. Rbc1 Rxc3 29. Rxc3 Rc8 30. Rxc8 Nxc8 31. f4 Bc4 32. fxe5 fxe5 33. Bg2
Bxa2 34. Nc3 Bc4 35. Be4 Kd6 36. Bg6 Ne7 37. Bxh5 Nxd5 38. Ne4+ Kc6 39. Bd2 a5
40. Bf3 Kb5 41. h5 Kb6 42. g4 a4 43. g5 a3 44. Nc3 Ne7 45. Na4+ Kc7 46. Bc3 d6
47. Ba1 Nd8 48. Nc3 Ne6 49. Ne4 Bd5 50. Nc3 Bc4 51. Ne4 Bd5 52. Nc3 Bxf3 53.
Kxf3 Nd4+ 54. Ke4 Kd7 55. h6 gxh6 56. gxh6 Ke6 57. h7 Ng6 58. Nd5 Nc2 59. Nc7+
Kf7 60. Bc3 a2 61. Nb5 Ke7 62. Nxd6 Kxd6 63. h8=Q Nxh8 64. Bxe5+ Kc5 65. Bxh8
Kc4 66. Bg7 Nb4 67. Ke3 Kb3 68. Kd2 Nd5 69. Ba1 Nb6 70. Kd1 Na4 71. Kd2 Nb2 72.
Kc1 Nd3+ 73. Kd2 Nb4 74. Kc1 Nc2 75. Bh8 Nb4 1/2-1/2

[Event "GBR-ch 103th"]
[Site "Bournemouth"]
[Date "2016.08.02"]
[Round "8.35"]
[White "Wager, John D"]
[Black "Crocker, Philip J"]
[Result "0-1"]
[WhiteElo "2053"]
[BlackElo "2122"]
[PlyCount "52"]
[EventDate "2016.07.25"]
[EventType "swiss"]
[EventRounds "11"]
[EventCountry "GBR"]

1. d4 Nf6 2. Nf3 g6 3. Bg5 Bg7 4. e3 O-O 5. Bd3 d5 6. Nbd2 c5 7. c3 b6 8. Qe2
Bb7 9. Bxf6 exf6 10. O-O Re8 11. b4 c4 12. Bc2 f5 13. g3 a6 14. a4 Nd7 15. a5
b5 16. Rae1 Nf6 17. Qd1 Bc8 18. Nh4 Ra7 19. Re2 Rae7 20. Rfe1 Bh6 21. Ng2 Ne4
22. Nf1 f4 23. f3 Ng5 24. Nh4 fxe3 25. Qc1 Nh3+ 26. Kg2 Qd7 0-1

[Event "GBR-ch 103th"]
[Site "Bournemouth"]
[Date "2016.08.02"]
[Round "8.36"]
[White "Golding, James"]
[Black "Talbot, Nathan L"]
[Result "1/2-1/2"]
[WhiteElo "1991"]
[BlackElo "2108"]
[PlyCount "36"]
[EventDate "2016.07.25"]
[EventType "swiss"]
[EventRounds "11"]
[EventCountry "GBR"]

1. d4 e6 2. c4 Nf6 3. Nf3 d5 4. Bg5 Be7 5. Nc3 h6 6. Bh4 O-O 7. e3 b6 8. cxd5
Nxd5 9. Bxe7 Qxe7 10. Bd3 Bb7 11. O-O Nd7 12. Rc1 c5 13. Qe2 cxd4 14. Nxd4 Nc5
15. Nxd5 Bxd5 16. Bc4 Bb7 17. Rfd1 Rac8 18. Qg4 Kh8 1/2-1/2

[Event "GBR-ch 103th"]
[Site "Bournemouth"]
[Date "2016.08.02"]
[Round "8.37"]
[White "Brewer, Callum D"]
[Black "Dilleigh, Stephen P"]
[Result "1-0"]
[WhiteElo "1988"]
[BlackElo "2053"]
[PlyCount "53"]
[EventDate "2016.07.25"]
[EventType "swiss"]
[EventRounds "11"]
[EventCountry "GBR"]

1. e4 e6 2. d4 d5 3. Nc3 Nf6 4. Bg5 dxe4 5. Nxe4 Nbd7 6. Nf3 h6 7. Nxf6+ Nxf6
8. Be3 Bd6 9. Bd3 O-O 10. O-O b6 11. Ne5 Bb7 12. f4 c5 13. c3 cxd4 14. cxd4 Rc8
15. Qe2 Qe7 16. f5 exf5 17. Rxf5 Nd5 18. Bxh6 f6 19. Qg4 Bxe5 20. dxe5 fxe5 21.
Raf1 Rxf5 22. Bxf5 Nf6 23. Be6+ Kh8 24. Rxf6 Qxf6 25. Bg5 Qg6 26. Qh3+ Qh7 27.
Bxc8 1-0